Nanocrystalline ZnO powders and ZnO-Based ceramic varistor /
Saved in:
| 主要作者: | |
|---|---|
| 格式: | Thesis 圖書 |
| 語言: | English |
| 出版: |
2001.
|
| 標簽: |
添加標簽
沒有標簽, 成為第一個標記此記錄!
|
| LEADER | 00709cam a2200205 a 4500 | ||
|---|---|---|---|
| 001 | u506529 | ||
| 003 | SIRSI | ||
| 008 | 021115s2001 si a v 00 10 eng m | ||
| 035 | |a ACW-3341 | ||
| 040 | |a UMM | ||
| 090 | |a TA403 |b NUS 2001 Cho | ||
| 100 | 1 | 0 | |a Chong, Phui Fah. |
| 245 | 1 | 0 | |a Nanocrystalline ZnO powders and ZnO-Based ceramic varistor / |c Chong Phui Fah. |
| 260 | |c 2001. | ||
| 300 | |a viii, 134 leaves : |b ill. ; |c 30 cm. | ||
| 502 | |a Dissertation (M.Sc.) -- National University of Singapore, 2001. | ||
| 504 | |a Includes bibliographical references. | ||
| 948 | |a 15/11/2002 |b 18/11/2002 | ||
| 596 | |a 1 | ||
| 999 | |a TA403 NUS 2001 CHO |w LC |c 1 |i A510652958 |l B_KOM4 |m P01UTAMA |r Y |s Y |t TESIS |u 3/12/2002 |o .PUBLIC. BKOM 4 : 45032 | ||
